[Event "Challenge"]
[Site "http://www.queenalice.com/game.php?id=300874"]
[Date "2007.11.9"]
[Round "-"]
[White "anjo_negro"]
[Black "prvic"]
[Result "1-0"]
[WhiteElo "1043"]
[BlackElo "1543"]

1. d4 g6 2. Nf3 Nf6 3. g3 Bg7 4. Rg1 O-O 5. Ne5 d6 6. Nc4 Nc6 7. Be3 Ng4 8. h3
Nxe3 9. fxe3 d5 10. Nca3 e5 11. dxe5 Bxe5 12. h4 Bxb2 13. Nd2 Bxa3 14. Bg2 Bc5
15. Nb3 1-0

[Event "Challenge"]
[Site "http://www.queenalice.com/game.php?id=300877"]
[Date "2007.11.9"]
[Round "-"]
[White "prvic"]
[Black "zelia_cristina"]
[Result "1-0"]
[WhiteElo "1179"]
[BlackElo "1275"]

1. c4 e5 2. Nc3 c5 3. e3 Qe7 4. Be2 g6 5. e4 h5 6. Nd5 Qe6 7. Nc7+ Ke7 8. Nxe6
Kxe6 9. Nf3 Bd6 10. O-O h4 11. d3 h3 12. Ng5+ Ke7 13. Nxh3 Nf6 14. Ng5 Na6 15.
Nf3 Nb4 16. Bg5 Ke6 17. Nd2 Bf8 18. Bg4+ Ke7 19. f4 exf4 20. Rxf4 Bh6 21. Bxf6+
Kf8 22. Rf1 Nxd3 23. Qf3 Bxd2 24. Bxh8 Nxb2 25. Qxf7# 1-0

[Event "Challenge"]
[Site "http://www.queenalice.com/game.php?id=301391"]
[Date "2007.11.9"]
[Round "-"]
[White "acam"]
[Black "prvic"]
[Result "0-1"]
[WhiteElo "1619"]
[BlackElo "1424"]

1. e4 c5 2. Nf3 d6 3. d4 cxd4 4. Nxd4 Nf6 5. Nc3 Nc6 6. Be2 e6 7. Bf3 Be7 8.
Nxc6 bxc6 9. O-O Qc7 10. Qd3 O-O 11. Ne2 Rb8 12. Ng3 d5 13. b3 h6 14. exd5 cxd5
15. Bb2 Bd7 16. Bd1 Bb5 17. Qc3 Qxc3 18. Bxc3 Bxf1 19. Kxf1 Bd6 20. Bxf6 gxf6
21. Be2 f5 22. a4 f4 23. Nh5 Rbc8 24. Ra2 Rc3 25. g3 f3 26. Bd1 Rfc8 27. Nf6+
Kg7 28. Ng4 d4 29. h3 e5 30. a5 f5 31. Nh2 d3 32. Nxf3 dxc2 33. Bxc2 Rxc2 34.
Ra1 Bc5 35. Ke1 Bxf2+ 36. Kd1 Bxg3 37. Rb1 Ra2 38. b4 Rd8+ 39. Kc1 Bf4+ 40. Nd2
Rdxd2 41. Rb3 Ra1+ 42. Rb1 Rf2+ 43. Kd1 Rxb1# 0-1

[Event "HGM"]
[Site "http://www.queenalice.com/game.php?id=301455"]
[Date "2007.11.10"]
[Round "1"]
[White "prvic"]
[Black "compras_marcelo"]
[Result "1-0"]
[WhiteElo "1075"]
[BlackElo "1302"]

1. Nf3 e6 2. e4 c5 3. d3 Nc6 4. Be2 Nf6 5. Bf4 Ng4 6. h3 Nf6 7. O-O g6 8. Nc3 h5
9. e5 Nd5 10. Nxd5 exd5 11. c4 dxc4 12. dxc4 Nb4 13. a3 Nc6 14. Qd5 b6 15. Bd3
h4 16. e6 fxe6 17. Bxg6+ Ke7 18. Bg5# 1-0

[Event "PRVIC"]
[Site "http://www.queenalice.com/game.php?id=303919"]
[Date "2007.11.14"]
[Round "-"]
[White "foda"]
[Black "prvic"]
[Result "0-1"]
[WhiteElo "1309"]
[BlackElo "1488"]

1. e4 c5 2. Bc4 d6 3. Qf3 Nf6 4. e5 dxe5 5. d3 Nc6 6. Bg5 Bg4 7. Qe3 Nd4 8. Qxe5
Nxc2+ 9. Kf1 Nxa1 10. b3 Nc2 11. Qxc5 Nd4 12. Nc3 b6 13. Qe5 Rc8 14. Bxf6 gxf6
15. Qe4 f5 16. Qe5 f6 17. Qf4 e5 18. Qd2 Bb4 19. Ba6 Rxc3 20. Qh6 f4 21. g3 Rc1+
22. Kg2 f3+ 23. Nxf3 Bxf3+ 24. Kh3 Qd7+ 25. Kh4 Qg4# 0-1

[Event "HGM-T01-R01-J06"]
[Site "http://www.queenalice.com/game.php?id=304066"]
[Date "2007.11.15"]
[Round "-"]
[White "maxbtech"]
[Black "prvic"]
[Result "1-0"]
[WhiteElo "1522"]
[BlackElo "1479"]

1. e4 c5 2. Nf3 d6 3. d4 cxd4 4. Nxd4 Nf6 5. Nc3 Nc6 6. Bg5 a6 7. Qd2 Nxd4 8.
Qxd4 Bg4 9. f3 e5 10. Qa4+ b5 11. Bxf6 gxf6 12. Bxb5+ axb5 13. Qxb5+ Bd7 14. Qd3
Rg8 15. g3 Qb6 16. O-O-O Bc6 17. Kb1 Qb4 18. Nd5 Bxd5 19. Qxd5 Ra5 20. Qc6+ Kd8
21. Rd5 Rxd5 22. Qxd5 Ke7 23. c3 Qa4 24. Rd1 Ke8 25. b4 Qa7 26. Qc6+ Kd8 27. Rd5
Qg1+ 28. Kc2 Qxh2+ 29. Kb3 Qc2+ 30. Kxc2 Rxg3 31. Qa8+ Ke7 32. Qb7+ Ke6 33. Qc8+
Ke7 34. Rxd6 Kxd6 35. Qxf8+ Ke6 36. Qe8+ Kd6 37. Qxf7 Rxf3 38. Qxh7 Rf2+ 39. Kb3
Kc6 40. Qe7 Rf3 41. Qc5+ Kd7 42. a4 Ke8 43. a5 Rd3 44. a6 Rd8 45. a7 Kd7 46.
a8=R Rxa8 47. Qd5+ Kc7 48. Qxa8 Kd6 49. Qa6+ Ke7 50. Kc4 f5 51. exf5 Kf7 52.
Qe6+ Kg7 53. Qg6+ Kf8 54. b5 Ke7 55. b6 Kd8 56. Qg7 e4 57. b7 e3 58. b8=R# 1-0

[Event "HGM-T01-R01-J01"]
[Site "http://www.queenalice.com/game.php?id=304068"]
[Date "2007.11.15"]
[Round "-"]
[White "ivoiran"]
[Black "prvic"]
[Result "0-1"]
[WhiteElo "964"]
[BlackElo "1478"]

1. d4 g6 2. e4 d6 3. Bb5+ Bd7 4. a4 Bxb5 5. axb5 Nf6 6. f3 Bg7 7. h4 O-O 8. Nc3
Nbd7 9. Nd5 Nxd5 10. exd5 Nb6 11. Ne2 Nxd5 12. g3 Qd7 13. c4 Nf6 14. Nf4 d5 15.
b3 dxc4 16. bxc4 a5 17. g4 Rfd8 18. Bd2 Qxd4 19. Rb1 Qxc4 20. g5 Nd5 21. Nxd5
Qxd5 22. b6 cxb6 23. Rxb6 Bc3 24. Rh2 Qd4 25. Rxb7 Qg1+ 26. Ke2 Rxd2+ 27. Qxd2
Qxh2+ 28. Ke3 Qxd2+ 29. Ke4 Qd4# 0-1

[Event "Prvicx x Wellington"]
[Site "http://www.queenalice.com/game.php?id=304611"]
[Date "2007.11.15"]
[Round "-"]
[White "jw16js"]
[Black "prvic"]
[Result "0-1"]
[WhiteElo "1487"]
[BlackElo "1251"]

1. g3 g6 2. Bg2 Bg7 3. Na3 Nf6 4. b3 O-O 5. e3 d5 6. Ne2 Bg4 7. f3 Bf5 8. d4 c5
9. Nb5 Qd7 10. a4 a6 11. Nbc3 cxd4 12. exd4 Nc6 13. f4 Nb4 14. Bd2 Bxc2 15. Qc1
Nd3+ 16. Kf1 Nxc1 17. Bxc1 Bxb3 18. h3 b5 19. axb5 axb5 20. Rxa8 Rxa8 21. Bb2 b4
22. Nb1 Bd1 23. Nc1 Qc8 24. Na2 Rxa2 25. Ke1 Rxb2 26. Kxd1 Qc2+ 27. Ke1 Rxb1#
0-1

[Event "Challenge"]
[Site "http://www.queenalice.com/game.php?id=305252"]
[Date "2007.11.16"]
[Round "-"]
[White "prvic"]
[Black "cassianorui"]
[Result "1-0"]
[WhiteElo "1371"]
[BlackElo "1500"]

1. Nf3 e6 2. e4 d5 3. exd5 Qxd5 4. Nc3 Qc6 5. Bb5 Qxb5 6. Nxb5 Na6 7. O-O Nf6 8.
d4 Bd6 9. Qe2 c6 10. Nxd6+ Kf8 11. Ne5 Nb4 12. Nexf7 Rg8 13. Ng5 Bd7 14. Nxe6+
Bxe6 15. Qxe6 Nxc2 16. Qf7# 1-0

[Event "Challenge"]
[Site "http://www.queenalice.com/game.php?id=305256"]
[Date "2007.11.16"]
[Round "-"]
[White "prvic"]
[Black "compras_marcelo"]
[Result "1-0"]
[WhiteElo "1330"]
[BlackElo "1304"]

1. d4 c6 2. e4 Qa5+ 3. Nc3 d6 4. Bd3 g6 5. Nf3 h5 6. O-O e6 7. Bd2 Nd7 8. Qe2
Ndf6 9. Nd5 Qd8 10. Nf4 Ng4 11. h3 N4f6 12. e5 dxe5 13. Nxg6 fxg6 14. Bxg6+ Kd7
15. Nxe5+ Ke7 16. Bb4+ Qd6 17. Bxd6+ Kxd6 18. Nf7+ Kc7 19. Nxh8 Bg7 20. Qe5+ Kb6
21. Nf7 Nh6 22. Nxh6 Bxh6 23. Qxf6 a5 24. Bxh5 a4 25. Qxh6 Ra5 26. h4 Rd5 27. c3
Ka5 28. Qh8 Bd7 29. Bf3 Rf5 30. Qd8+ Kb5 31. Be2# 1-0

[Event "HGM"]
[Site "http://www.queenalice.com/game.php?id=306878"]
[Date "2007.11.19"]
[Round "2"]
[White "prvic"]
[Black "maxbtech"]
[Result "1/2-1/2"]
[WhiteElo "1539"]
[BlackElo "1618"]

1. e3 e5 2. d4 exd4 3. exd4 d5 4. Nf3 Nf6 5. Bd3 Bd6 6. O-O O-O 7. Nc3 Bg4 8.
Bg5 h6 9. Bxf6 Qxf6 10. Nxd5 Qd8 11. Ne3 Bh5 12. Be4 Nc6 13. Bxc6 bxc6 14. Nc4
Re8 15. Qd3 Bg6 16. Qc3 Qf6 17. Nxd6 cxd6 18. Rae1 Be4 19. Re3 Bd5 20. b3 Rxe3
21. Qxe3 Bxf3 22. Qxf3 Qxf3 23. gxf3 Re8 24. a4 Re2 25. Rc1 Kf8 26. Kf1 Rd2 27.
c3 Ra2 28. f4 Ra3 29. Rb1 Ra2 30. Re1 Rc2 31. Re3 a5 32. f5 Rb2 33. c4 Rd2 34.
Re4 Rd3 35. f6 gxf6 36. Rf4 Rxb3 37. Rxf6 Rb4 38. c5 dxc5 39. dxc5 Ke7 40. Rxc6
h5 41. Ra6 Rxa4 42. Ra7+ Ke6 43. Kg2 f5 44. Ra6+ Kd5 45. c6 Kd6 46. h3 h4 47.
Kg1 f4 48. Kg2 Ra3 49. f3 a4 50. Kf2 Kc7 51. Kg2 Ra1 52. Kh2 Ra2+ 53. Kg1 Ra3
54. Kg2 1/2-1/2

[Event "HGM-T01-R02-J03"]
[Site "http://www.queenalice.com/game.php?id=307650"]
[Date "2007.11.21"]
[Round "-"]
[White "compras_marcelo"]
[Black "prvic"]
[Result "0-1"]
[WhiteElo "1298"]
[BlackElo "1451"]

1. e4 c5 2. d3 d5 3. exd5 Qxd5 4. Nc3 Qe6+ 5. Ne4 f5 6. Qg4 fxg4 7. b3 Nf6 8.
Ne2 Nxe4 9. dxe4 Qxe4 10. Kd2 Qf5 11. h3 Qxf2 12. Ba3 e5 13. hxg4 Bxg4 14. Rh4
Qxh4 15. Nc3 Qg5+ 16. Ke1 Qe3+ 17. Ne2 Bxe2 18. Bxe2 Qc3+ 19. Kd1 Qxa1+ 20. Kd2
Nc6 21. Bh5+ g6 22. Bg4 Qd4+ 23. Kc1 Bh6+ 24. Kb1 Qg1+ 25. Bc1 Qxc1# 0-1

[Event "Challenge"]
[Site "http://www.queenalice.com/game.php?id=309118"]
[Date "2007.11.23"]
[Round "-"]
[White "acam"]
[Black "prvic"]
[Result "0-1"]
[WhiteElo "1579"]
[BlackElo "1516"]

1. d4 g6 2. e4 d6 3. Nc3 Nf6 4. Bg5 Bg7 5. Bc4 Nc6 6. d5 Ne5 7. Bb5+ c6 8. dxc6
bxc6 9. Ba4 Qb6 10. Bxf6 Bxf6 11. b3 Ng4 12. f3 Qf2# 0-1

[Event "Revanche"]
[Site "http://www.queenalice.com/game.php?id=311296"]
[Date "2007.11.27"]
[Round "-"]
[White "compras_marcelo"]
[Black "prvic"]
[Result "0-1"]
[WhiteElo "1303"]
[BlackElo "1501"]

1. e4 c5 2. Nf3 d6 3. Bb5+ Nd7 4. Ng5 e5 5. Qf3 Qxg5 6. O-O Qh4 7. d3 a6 8. g3
Qh3 9. Bg5 axb5 10. Nc3 Ra5 11. Nd5 Ndf6 12. Rae1 Nxd5 13. exd5 Rxa2 14. d4 h6
15. Bd2 cxd4 16. Ra1 Rxb2 17. Ra8 Rxc2 18. Ba5 Nf6 19. Qd1 Ng4 20. Qxc2 Qxh2#
0-1

[Event "HGM-T02-R01-J06"]
[Site "http://www.queenalice.com/game.php?id=370797"]
[Date "2008.3.14"]
[Round "-"]
[White "maxbtech"]
[Black "prvic"]
[Result "1-0"]
[WhiteElo "1627"]
[BlackElo "1513"]

1. e4 c5 2. Nf3 d6 3. Bb5+ Nd7 4. d4 Nf6 5. Nc3 cxd4 6. Qxd4 e5 7. Qd3 h6 8. O-O
a6 9. Bc4 Be7 10. Be3 O-O 11. Rad1 Nb6 12. Bb3 Bg4 13. h3 Bxf3 14. Bxb6 Qxb6 15.
Qxf3 g6 16. Qe2 Rac8 17. Rd3 Kh8 18. Rf3 Qc7 19. a3 b5 20. Rd1 Qc6 21. Bd5 Nxd5
22. Nxd5 Bg5 23. c3 Qb7 24. g3 Rc5 25. h4 Bd8 26. h5 Kg7 27. hxg6 fxg6 28. Rxf8
Kxf8 29. Qg4 Kf7 30. f4 Qa7 31. Kg2 Qb7 32. fxe5 dxe5 33. Rf1+ Kg7 34. Qf3 g5
35. Qf8+ Kg6 36. Qxc5 Qd7 37. Qf8 h5 38. Qg8+ Kh6 39. Rf7 Qxf7 40. Qxf7 h4 41.
gxh4 gxh4 42. Qf8+ Kh5 43. Qxd8 a5 44. Kh3 Kh6 45. Kxh4 Kg7 46. Qf6+ Kh7 47. Kg5
b4 48. Ne7 a4 49. Qg6+ Kh8 50. Qg8# 1-0

[Event "HGM-T02-R01-J03"]
[Site "http://www.queenalice.com/game.php?id=377145"]
[Date "2008.3.26"]
[Round "-"]
[White "prvic"]
[Black "compras_marcelo"]
[Result "1-0"]
[WhiteElo "1497"]
[BlackElo "1357"]

1. Nf3 Nc6 2. e3 d5 3. Bb5 Bg4 4. Bxc6+ bxc6 5. d4 e6 6. O-O Bb4 7. Bd2 a5 8.
Bxb4 axb4 9. a4 Nf6 10. a5 O-O 11. Nbd2 Qd6 12. h3 Bh5 13. a6 c5 14. dxc5 Qxc5
15. Qb1 Qd6 16. Qa2 Rfb8 17. g4 b3 18. cxb3 Rxa6 19. Qxa6 Bxg4 20. Qxd6 cxd6 21.
hxg4 Nxg4 22. Ra6 h6 23. Rxd6 Ra8 24. Rc1 g6 25. Rd7 h5 26. Rcc7 h4 27. Rxf7 h3
28. Rg7+ Kf8 29. Rh7 Ra1+ 30. Nf1 h2+ 31. Nxh2 Kg8 32. Nxg4 Ra8 33. Nf6+ Kf8 34.
Rhf7# 1-0

[Event "HGM-T02-R02-J06"]
[Site "http://www.queenalice.com/game.php?id=381707"]
[Date "2008.4.3"]
[Round "-"]
[White "prvic"]
[Black "maxbtech"]
[Result "0-1"]
[WhiteElo "1507"]
[BlackElo "1648"]

1. Nf3 Nf6 2. e3 Nc6 3. Bb5 g6 4. O-O Bg7 5. Nc3 O-O 6. e4 a6 7. Bxc6 bxc6 8. d4
d6 9. e5 Nd5 10. Nxd5 cxd5 11. Bf4 Bf5 12. Qe2 Qd7 13. c4 Be6 14. b3 dxc4 15.
bxc4 Rab8 16. Rad1 Rb4 17. Rc1 Rfb8 18. c5 dxc5 19. Rxc5 R8b6 20. Rfc1 c6 21.
Bg5 Bd5 22. Be3 Qf5 23. Ng5 Rb2 24. R5c2 Rxc2 25. Qxc2 Qxc2 26. Rxc2 f6 27. exf6
exf6 28. Nf3 Rb1+ 29. Rc1 Rxc1+ 30. Bxc1 Bxa2 31. Bd2 Kf7 32. Ne1 Ke6 33. Nd3
Bc4 34. Nb4 a5 35. Nxc6 a4 36. Na5 Bd5 37. Bb4 f5 38. Bc5 Bh6 39. Bb4 Bc1 40. h3
a3 41. h4 a2 42. Bc3 Bd2 43. Bb2 Bxa5 44. Kh2 Bc7+ 45. Kh3 Bc4 46. f4 Bxf4 47.
Bc3 Kd5 48. h5 g5 49. g3 Be3 50. g4 Bxd4 51. Bxd4 Kxd4 52. gxf5 a1=Q 53. Kh2 Qf1
54. Kg3 Bd5 55. Kg4 Qg2# 0-1